| 000 | 00375nam a2200145Ia 4500 | ||
|---|---|---|---|
| 008 | 230917s9999||||xx |||||||||||||| ||und|| | ||
| 040 |
_e50278 _aMAIN |
||
| 041 | _aEnglish | ||
| 082 | _a822.08 L435E | ||
| 100 | _aLawrence, Robert G, ed | ||
| 245 | 0 | _aEarly seventeenth century drama | |
| 260 |
_aNew York _bEveryman' s Library _c1970 |
||
| 300 | _ax, 390 p. | ||
| 942 | _cBK | ||
| 999 |
_c180505 _d180505 |
||